Strojně technická příručka. Část 1

Salvato in:
Dettagli Bibliografici
Autore principale: Černoch, Svatopluk (Autore)
Natura: Libro
Lingua:ceco
Pubblicazione: Praha : SNTL, 1968
Edizione:12. přepracované vyd.
Soggetti:
Tags: Aggiungi Tag
Nessun Tag, puoi essere il primo ad aggiungerne!!

MARC

LEADER 00000nam a22000003a 4500
001 stu35306
005 20150617225658.5
008 920414s1968----cs------------------cze-d
040 |a STU  |b slo 
041 0 |a cze 
044 |a cs 
080 |a 621(035)  |7 stu_us_auth*stu2959 
100 1 |a Černoch, Svatopluk  |4 aut 
245 1 |a Strojně technická příručka. Část 1 
250 |a 12. přepracované vyd. 
260 |a Praha :  |b SNTL,  |c 1968 
300 |a 1183 s 
650 7 |a strojárstvo  |2 stusub 
650 7 |a príručky  |2 stusub 
996 |b 284M053344  |c M*3325/1-1  |l MMKN  |s A  |a 24  |w stu35306_0001 
996 |b E20608  |c E*20608  |l EE11  |s P  |a 0  |w stu35306_0002 
996 |b 284M004191  |c M*3325/1-2  |l MMKN  |s A  |a 24  |w stu35306_0003 
996 |b 284J030370  |c J*10303  |l JJSK  |s A  |a 24  |w stu35306_0004 
996 |b 284J021249  |c J*10304  |l JJSK  |s A  |a 24  |w stu35306_0005 
996 |b 284J027810  |c J*10305  |l JJSK  |s A  |a 24  |w stu35306_0006